Ils ont été anoblis par Elisabeth II (4) - Statistiques

Statistiques générales
  • Ce quiz a été pris 7 fois
  • Le résultat moyen est 7 sur 48
Statistiques - réponses
Hint Réponse % Correct
Sportif 1937-2023 C Bobby {Charlton}
100%
Sportif 1941 F Alex {Ferguson}
67%
Sportif 1987 M Andy {Murray}
67%
Politicien(ne) 1925-2013 T Margaret {Thatcher}
67%
Sportif 1956 C Sebastian {Coe}
67%
Réalisateur 1899-1980 H Alfred {Hitchcock}
33%
Politicien(ne) 1897-1977 E Anthony {Eden}
33%
Politicien(ne) 1619-2005 H Edward {Heath}
33%
Politicien(ne) 1894-1986 M Harold {Macmillan}
33%
Politicien(ne) 1916-1995 W Harold {Wilson}
33%
Producteur 1933 C Michael {Caine}
33%
Sportif 1957 F Nick {Faldo}
33%
Réalisateur 1937 S Ridley {Scott}
33%
Militaire 1921-2021 M Tom {Moore}
33%
Physicien 1917-2012 H Andrew {Huxley}
0%
Politicien(ne) 1940 C Bill {Cash}
0%
Politicien(ne) 1952-2021 A David {Amess}
0%
Naturaliste 1926 A David {Attenborough}
0%
Producteur 1908-1991 L David {Lean}
0%
Militaire 1910-1982 B Douglas {Bader}
0%
Poète(sse) 1887-1964 S Edith {Sitwell}
0%
Navigateur 1901-1972 C Francis {Chichester}
0%
Politicien(ne) 1926-2015 H Geoffrey {Howe}
0%
Militaire 1905-1964 M Harry {Mackeson}
0%
Sportif 1934-2011 C Henry {Cooper}
0%
Politicien(ne) 1954 D S Iain {Duncan Smith}
0%
Sportif 1955 B Ian {Botham}
0%
Philosophe 1909-1997 B Isaiah {Berlin}
0%
Politicien(ne) 1912-2005 C James {Callaghan}
0%
Présentateur 1926-2011 S Jimmy {Savile}
0%
Militaire 1910-1998 H John {Hunt}
0%
Physicien 1925-2009 M John {Maddox}
0%
Philosophe 1902-1994 P Karl {Popper}
0%
Politicien(ne) 1940 C Kenneth {Clarke}
0%
Journaliste 1919-2009 K Ludovic {Kennedy}
0%
Médecin 1899-1980 G Ludwig {Guttmann}
0%
Politicien(ne) 1943 B Margaret {Beckett}
0%
Philosophe 1925-2011 D Michael {Dummett}
0%
Résistant 1909-2015 W Nicholas {Winton}
0%
Politicien(ne) 1932-2023 L Nigel {Lawson}
0%
Navigateur 1948-2001 B Peter {Blake}
0%
Peintre 1932 B Peter {Blake}
0%
Sportif 1929-2018 B Roger {Bannister}
0%
Présentateur 1938-2016 W Terry {Wogan}
0%
Physicien 1955 B L Tim {Berners-Lee}
0%
Parolier 1944 R Tim {Rice}
0%
Styliste 1941-2022 W Vivienne {Westwood}
0%
Politicien(ne) 1913-2007 D William {Deedes}
0%
Aucun quiz correspondant
Distribution des résultats
% des personnes avec chaque résultat
Percentile par nombre de réponses
Votre historique - résultats
Vous n’avez pas pris ce quiz